Представление документа в формате RUSMARC

ПолеНазваниеЗначение
  Тип записи a
  Библиографический уровень c
001 Контрольный номер RU/SLIB/B/208743525
005 Дата корректировки 20231228113531.4
010 Индекс ISBN __
a ISBN 5-87394-008-8
d Цена 35-00; 5 000-00
101 Язык документа 0_
a Язык текста rus
c Язык оригинала ger
200 Заглавие и сведения об ответственности 1_
a Заглавие Эликсиры сатаны
e Сведения, относящиеся к заглавию роман, новеллы : пер. с нем.
f Первые сведения об ответственности Э. Т. А. Гофман ; худож. С. Самохвалов
b Общее обозначение материала Текст
210 Выходные данные 1_
a Место издания Ижевск
c Издательство Квест
d Дата издания 1993
215 Физическое описание __
a Объем 464 с.
225 Серия 2_
a Серия Антология готической прозы
v Обозначение тома т. 1
327 Примечание о содержании 0_
a Примечание о содержании Песочный человек
327 Примечание о содержании 0_
a Примечание о содержании Пустой дом
327 Примечание о содержании 0_
a Примечание о содержании Майорат
330 Аннотация __
a Аннотация О трагической взаимосвязи человеческого и потустороннего, их вечная борьба.
600 Персоналии _1
a Персоналии (Фамилия) Гофман, Э. Т. А.
605 Заглавие как предмет __
a Заглавие Эликсиры сатаны
606 Тематические рубрики __
a Основная рубрика Художественная литература
z Хронологическая подрубрика 18 в.; 19 в.
606 Тематические рубрики __
a Основная рубрика Литература Европы (произведения)
610 Ключевые слова 0_
a Ключевые слова проза; писатели; немецкая литература; романы; новеллы; готика; готическая проза; тема мистики; тема сатанизма; тема потустороннего мира; персоналии
686 Индексы других классификаций __
a Классификационный индекс 84(4Гем)-4; ст84(4Гем)-4
700 Автор _1
a Фамилия Гофман
b Имя Э. Т. А.
4 Код отношения 070
702 Вторичная интеллектуальная ответственность _1
a Фамилия Самохвалов
b Имя С.
4 Код отношения Художник
4 Код отношения 040
801 Источник записи _0
a Страна RU
b Организация Муниципальное бюджетное учреждение культуры "Централизованная библиотечная система" г. Сургут (Центральная городская библиотека им. А. С. Пушкина)
g Правила каталогизации КиК/Нещерет; КиК/Елгина
801 Источник записи _1
a Страна RU
b Организация Муниципальное бюджетное учреждение культуры "Централизованная библиотечная система" г. Сургут (Центральная городская библиотека им. А. С. Пушкина)
g Правила каталогизации КиК/Нещерет; КиК/Елгина
852 Данные о местонахождении __
j Шифр хранения 84(4Гем)-4
c Каталожный индекс 84(4Гем)-4
i Авторский знак Г 74
901 Тип документа 1_
t Тип документа x
903 Характеристики (МАРС) __
a Дата передачи 20050720; 20030826
969 Тип издания __
a Тип издания сборник
990 Данные о заказе (DOS) __
j Количество экземпляров (DOS) 1; 1
t N записи в КСУ для И/У (DOS) 200307; 199701